000 00329nam a2200133Ia 4500
008 250111s9999 xx 000 0 und d
020 _a9780446385015
100 _aGIRARD, JOE
245 0 _aHOW TO SELL YOURSELF
260 _bLIBRARY OF CONGRESS CATALOGING
_c2013
300 _a302
650 _aSells & Service
942 _cBK
999 _c219837
_d219837